| 000 | 00724nam a2200265 i 4500 | ||
|---|---|---|---|
| 001 | 10693 | ||
| 003 | ES-MaACL | ||
| 005 | 20250629074235.0 | ||
| 007 | t| | ||
| 008 | 921014s1989 sp ||||0| spa d | ||
| 016 | 7 | _zCEN920075243 | |
| 020 | _a8486351081 | ||
| 040 |
_aCEN _bspa _cCEN |
||
| 080 | _a860(85)-1"19" | ||
| 100 | 1 |
_aCabrera, Miguel, _d1945- _933296 |
|
| 245 | 1 | 0 |
_aNoche contra noche / _cMiguel CAbrera. |
| 250 | _a[1ª ed. ]. | ||
| 260 |
_aMadrid : _bJuan Pastor, _c1989. |
||
| 300 |
_a77 p. ; _c20 cm. |
||
| 490 | 1 |
_aDevenir ; _v30 |
|
| 830 | 0 | 0 |
_aDevenir. _pSerie Poesía ; _v30 _9236243 |
| 852 |
_aES-MaACL _jP-1931 N 30 _bR.122635 _910986 |
||
| 942 | _2udc | ||
| 999 |
_c10693 _d10693 |
||